Landen met de meeste medailles - Zomerspelen - Statistieken

Algemene statistieken
  • Deze quiz is 232 keer genomen
    146 sinds de laatste reset
  • De gemiddelde score is 24 van 34
Antwoordstatistieken
# Land % Correct
2.629 Verenigde Staten
98%
635 China
97%
655 Duitsland
97%
322 Nederland
97%
425 Rusland
95%
751 Frankrijk
92%
157 België
91%
150 Brazilië
91%
618 Italië
91%
169 Spanje
91%
497 Japan
90%
326 Canada
89%
916 Verenigd Koninkrijk
89%
503 Zweden
86%
547 Australië
85%
163 Noorwegen
84%
305 Finland
79%
298 Polen
78%
121 Griekenland
70%
137 Nieuw-Zeeland
66%
287 Zuid-Korea
66%
205 Denemarken
60%
1.010 Sovjet Unie
60%
511 Hongarije
59%
206 Zwitserland
59%
308 Roemenië
53%
139 Oekraïne
52%
104 Turkije
52%
224 Bulgarije
47%
409 Oost-Duitsland
43%
204 West-Duitsland
42%
113 Kenia
34%
143 Tsjechoslowakije
27%
235 Cuba
24%
Geen overeenkomende quizzen gevonden
Scoreverdeling
Procent van Mensen met Elke Score
Percentiel versus Aantal Correcte Antwoorden
Uw Scoregeschiedenis
U heeft deze quiz nog niet genomen sinds de laatste reset